| 000 | 00685nam a22002057a 4500 | ||
|---|---|---|---|
| 003 | BD-DhUL | ||
| 005 | 20220323143145.0 | ||
| 008 | 220322s2020 bg ||||| |||| 00| 0 ben | ||
| 020 | _a9844860308 (hbk) | ||
| 040 |
_aBD-DhUL _cBD-DhUL |
||
| 082 |
_a891.443 _bHAD |
||
| 100 | 1 | _aহাসান, কামরুল | |
| 245 | 0 | 0 |
_aদ্বিতীয় জননী / _cকামরুল হাসান । |
| 260 |
_aঢাকা : _bভিত্তি, _c২০২০ । |
||
| 300 |
_a[২], ১৫৯ পৃ. ; _c২২ সেমি. |
||
| 365 |
_aBDT _b300.00 |
||
| 650 | 4 | _aবাংলা উপন্যাস । | |
| 650 | 4 | _aBengali fiction. | |
| 942 |
_2ddc _cBK |
||
| 999 |
_c255606 _d255606 |
||